|
|
|
|
| LEADER |
01316nam a2200349 4500 |
| 001 |
000006166 |
| 003 |
2321 |
| 005 |
20110905080926.0 |
| 008 |
110901s1981 viesd |
| 020 |
|
|
|c 5500đ
|
| 041 |
0 |
|
|a vie
|
| 082 |
|
|
|a 158.7
|b Cơs
|
| 100 |
0 |
|
|a Nguyễn Đức Minh
|
| 245 |
|
0 |
|a Cơ sở tâm lí học của công tác quản lí trường học
|b Tài liệu tham khảo cho hiệu trưởng các trường phổ thông
|c Nguyễn Đức Minh chủ biên; Nguyễn Hải Khoát b.s; Nguyễn Hữu Chương biên tập
|
| 260 |
|
|
|a H.
|b Giáo dục
|c 1981
|
| 300 |
|
|
|a 175 tr.
|c 19 cm.
|
| 653 |
|
|
|a Tâm lí học
|
| 653 |
|
|
|a Công tác quản lí
|
| 653 |
|
|
|a Trường học
|
| 700 |
|
|
|a Nguyễn Hải Khoát
|e Chủ biên
|
| 700 |
|
|
|a Nguyễn Hữu Chương
|e Chủ biên
|
| 910 |
|
|
|a Huỳnh Thị Cẩm Lai
|d 01/09/2011
|
| OWN |
|
|
|a LSP
|
| AVA |
|
|
|a UDN50
|b LSP
|d 158.7 Cơs
|e available
|t Error 5001 Not defined in file expand_doc_bib_avail.
|f 3
|g 1
|h N
|i 0
|k 1
|
| 999 |
|
|
|a From the UDN01
|
| AVA |
|
|
|a UDN50
|b LSP
|d 158.7 Cơs
|e available
|t Error 5001 Not defined in file expand_doc_bib_avail.
|f 3
|g 1
|h N
|i 0
|k 1
|
| TYP |
|
|
|a Monograph
|
| TYP |
|
|
|a Printed language
|
| 980 |
|
|
|a Mạng thư viện Đại học Đà Nẵng
|